El Puente del Diablo : Jujuy /
Guardado en:
| Autor Principal: | |
|---|---|
| Otros Autores: | |
| Formato: | Libro |
| Idioma: | Undetermined |
| Publicado: |
Buenos Aires :
Sudamericana,
1999.
|
| Series: | Cuentamérica
|
| Materias: | |
| Etiquetas: |
Agregar Etiqueta
Sin Etiquetas, Sea el primero en etiquetar este registro!
|
| LEADER | 00769nam a22001935a 4500 | ||
|---|---|---|---|
| 001 | CEM.cems021280 | ||
| 008 | 240704s1999####ag############000#0#und#d | ||
| 005 | 20240704190744.0 | ||
| 245 | 1 | 0 | |a El Puente del Diablo : |b Jujuy / |c Jorge Accame ; ilustrado por Chachi Verona. |
| 260 | |a Buenos Aires : |b Sudamericana, |c 1999. | ||
| 300 | |a 64 p. | ||
| 490 | 1 | |a Cuentamérica | |
| 505 | 0 | |a Para acercarnos -- Horacito -- El Puente del Diablo -- Instrucciones para descubrir a una bruja -- La curva del duende -- Coquena -- El Familiar -- El desbravador de mulas -- Sobre estas historias | |
| 020 | |a 9500712458 | ||
| 100 | 1 | |a Accame, Jorge. | |
| 700 | 1 | |a Verona, Chachi; il. | |
| 653 | |a Mitos | ||
| 653 | |a Leyendas | ||
| 859 | |a CEMS |b BIB. CEMS - Inicial y Primaria |h 398.2 |i Ac21 |k IP |p 2218 |t Ej.1 | ||
